| 000 | 01319nam a22002417a 4500 | ||
|---|---|---|---|
| 001 | 5604 | ||
| 003 | FISKH | ||
| 005 | 20241220085205.0 | ||
| 008 | 241220b cb ||||| |||| 00| 0 eng d | ||
| 020 | _a9780439973366 | ||
| 040 |
_aFISKH _beng _cFISKH _dFISKH |
||
| 082 | _a500 | ||
| 100 | _aGoldsmith, Mike | ||
| 245 |
_aFantastic future / _cBy DR Mike Goldsmith : Illustrated by Daniel Postgate |
||
| 260 |
_aNew York : _bScholastic ; _c2004. |
||
| 300 |
_a144 pages : _billustrations ; _c21 cm . |
||
| 490 | _aThe knowledge | ||
| 520 | _aIn 30 years' time will you be holidaying on the moon? In 100 years' time could you genetically engineer your own pet? In 1000 years' time will you travel through space in an anti-matter-drive spaceship? This eye-opening guide predicts the future with a time-travelling trip through, well, time...Inside, visit vast skyscraper cities, make friends with robots and cyborgs, colonize far distant galaxies, and watch the very last star go out at the end of the universe. PLUS Read the Tomorrow's Times news reports from the future, discover how to terraform a desert planet and how to create a virtual you. If you want to be in the know, get The Knowledge | ||
| 650 |
_afuture _vNon-fiction |
||
| 700 |
_aPostgate, Daniel _eillustrator |
||
| 942 |
_2ddc _cBK _n0 |
||
| 999 |
_c5604 _d5604 |
||